Advanced vaccine research : (Record no. 219568)

000 -LEADER
fixed length control field 01614cam a2200457 i 4500
001 - CONTROL NUMBER
control field 18890856
003 - CONTROL NUMBER IDENTIFIER
control field ASAB
005 - DATE AND TIME OF LATEST TRANSACTION
control field 20170214113742.0
008 - FIXED-LENGTH DATA ELEMENTS--GENERAL INFORMATION
fixed length control field 151210s2015 enka b 001 0 eng c
010 ## - LIBRARY OF CONGRESS CONTROL NUMBER
LC control number 2015458537
016 7# - NATIONAL BIBLIOGRAPHIC AGENCY CONTROL NUMBER
Record control number 101662454
Source DNLM
020 ## - INTERNATIONAL STANDARD BOOK NUMBER
International Standard Book Number 9781910190036 (hardback)
020 ## - INTERNATIONAL STANDARD BOOK NUMBER
International Standard Book Number 1910190039 (hardback)
020 ## - INTERNATIONAL STANDARD BOOK NUMBER
Canceled/invalid ISBN 9781910190043 (ebook)
035 ## - SYSTEM CONTROL NUMBER
System control number (OCoLC)ocn893898582
040 ## - CATALOGING SOURCE
Original cataloging agency NLM
Language of cataloging eng
Transcribing agency ASAB
Description conventions rda
Modifying agency BTCTA
-- YDXCP
-- COO
-- OCLCF
-- DLC
042 ## - AUTHENTICATION CODE
Authentication code pcc
050 00 - LIBRARY OF CONGRESS CALL NUMBER
Classification number QR189
Item number .A37 2015
060 00 - NATIONAL LIBRARY OF MEDICINE CALL NUMBER
Classification number 2015 G-026
060 10 - NATIONAL LIBRARY OF MEDICINE CALL NUMBER
Classification number QW 805
082 00 - DEWEY DECIMAL CLASSIFICATION NUMBER
Classification number 615.3/72
Edition number 23
245 00 - TITLE STATEMENT
Title Advanced vaccine research :
Remainder of title methods for the decade of vaccines /
Statement of responsibility, etc. edited by Fabio Bagnoli and Rino Rappuoli.
264 #1 - PRODUCTION, PUBLICATION, DISTRIBUTION, MANUFACTURE, AND COPYRIGHT NOTICE
Place of production, publication, distribution, manufacture Norfolk, UK :
Name of producer, publisher, distributor, manufacturer Caister Academic Press,
Date of production, publication, distribution, manufacture, or copyright notice [2015]
300 ## - PHYSICAL DESCRIPTION
Extent xiii, 455, A-12 pages :
Other physical details illustrations ;
Dimensions 26 cm
336 ## - CONTENT TYPE
Content type term text
Content type code txt
Source rdacontent
337 ## - MEDIA TYPE
Media type term unmediated
Media type code n
Source rdamedia
338 ## - CARRIER TYPE
Carrier type term volume
Carrier type code nc
Source rdacarrier
504 ## - BIBLIOGRAPHY, ETC. NOTE
Bibliography, etc. note Includes bibliographical references and index.
650 #0 - SUBJECT ADDED ENTRY--TOPICAL TERM
Topical term or geographic name entry element Vaccines
General subdivision Research.
650 #0 - SUBJECT ADDED ENTRY--TOPICAL TERM
Topical term or geographic name entry element Drug development.
650 12 - SUBJECT ADDED ENTRY--TOPICAL TERM
Topical term or geographic name entry element Vaccines.
650 22 - SUBJECT ADDED ENTRY--TOPICAL TERM
Topical term or geographic name entry element Biomedical Research.
650 22 - SUBJECT ADDED ENTRY--TOPICAL TERM
Topical term or geographic name entry element Drug Design.
650 22 - SUBJECT ADDED ENTRY--TOPICAL TERM
Topical term or geographic name entry element Immunity, Active.
650 22 - SUBJECT ADDED ENTRY--TOPICAL TERM
Topical term or geographic name entry element Vaccination.
650 #7 - SUBJECT ADDED ENTRY--TOPICAL TERM
Topical term or geographic name entry element Drug development.
Source of heading or term fast
Authority record control number or standard number (OCoLC)fst00898670
650 #7 - SUBJECT ADDED ENTRY--TOPICAL TERM
Topical term or geographic name entry element Vaccines
General subdivision Research.
Source of heading or term fast
Authority record control number or standard number (OCoLC)fst01163584
700 1# - ADDED ENTRY--PERSONAL NAME
Personal name Bagnoli, Fabio,
Relator term editor.
700 1# - ADDED ENTRY--PERSONAL NAME
Personal name Rappuoli, Rino,
Relator term editor.
906 ## - LOCAL DATA ELEMENT F, LDF (RLIN)
a 7
b cbc
c pccadap
d 2
e ncip
f 20
g y-gencatlg
942 ## - ADDED ENTRY ELEMENTS (KOHA)
Source of classification or shelving scheme
Koha item type Book
Holdings
Withdrawn status Lost status Source of classification or shelving scheme Damaged status Not for loan Collection code Permanent Location Current Location Date acquired Total Checkouts Full call number Barcode Date last seen Price effective from Koha item type
            Atta-ur-Rahman School of Applied Biosciences (ASAB) Atta-ur-Rahman School of Applied Biosciences (ASAB) 02/14/2017   615.3 BAG ASAB3390 02/14/2017 02/14/2017 Book
© 2023 Central Library, National University of Sciences and Technology. All Rights Reserved.